[Event "Hyderabad op 2nd"]
[Site "Hyderabad"]
[Date "2018.09.20"]
[Round "3"]
[White "Rathnakaran, Kantholi"]
[Black "Narasimha, Rao K"]
[Result "1-0"]
[WhiteElo "2381"]
[BlackElo "1963"]
[PlyCount "101"]
[EventDate "2018.09.19"]
[EventType "swiss"]
[EventRounds "9"]
[EventCountry "IND"]
[SourceTitle "CBM 186 Extra"]
[Source "ChessBase"]
[SourceDate "2018.08.24"]
[SourceVersion "1"]
[SourceVersionDate "2018.08.24"]
[SourceQuality "1"]

1. e4 e5 2. Nf3 Nf6 3. Nxe5 d6 4. Nf3 Nxe4 5. Nc3 Nxc3 6. dxc3 Be7 7. Bd3 0-0 8. h4 Nd7 9. g4 Re8 10. Be3 Nf8 11. g5 Bg4 12. Be2 c6 13. Rg1 Bh5 14. Nh2 Bxe2 15. Qxe2 Qa5 16. Ng4 Ne6 17. a3 Qd5 18. c4 Qa5+ 19. c3 d5 20. b4 Qc7 21. Kf1 Rad8 22. Re1 a5 23. c5 axb4 24. axb4 Qc8 25. Qf3 Rf8 26. Bd4 Nxd4 27. cxd4 Rde8 28. Nh6+ Kh8 29. Nf5 Qd7 30. h5 Bd8 31. Rxe8 Qxe8 32. Qf4 g6 33. Nd6 Qe7 34. Rg3 Kg8 35. h6 f6 36. Re3 Qd7 37. Rf3 Be7 38. gxf6 Bxf6 39. Ra3 Bh8 40. Qe3 Qg4 41. Rd3 Bf6 42. Qe2 Qd7 43. Kg2 Bg5 44. b5 Bxh6 45. bxc6 bxc6 46. Rb3 Bg7 47. Rb7 Qd8 48. Qe6+ Kh8 49. Re7 Bxd4 50. Nf7+ Rxf7 51. Qxf7 1-0